000 00729nam a2200229Ia 4500
001 15660
003 GE_BSU
008 181216s||||||||xx |||||||||||||| ||und||
040 _cGE_BSU
080 _a821.353.1-1 + 821.353.1-11
100 _aცეცხლაძე, გრიგოლ
245 _aსაკუთარი ხმა
245 _bლექსები და პოემები
245 _cრედ.: ი.ლისაშვილი.
260 _aთბილისი
260 _bფედერაცია
260 _c1935
300 _a124გვ. ; 18სმ
653 _aლექსები და პოემები
653 _aსაკუთარი ხმა
942 _cBK
999 _c48759
_d48759